| 000 | 00460nam a22001577a 4500 | ||
|---|---|---|---|
| 005 | 20241113153122.0 | ||
| 008 | 241113b |||||||| |||| 00| 0 eng d | ||
| 020 | _a9781844741328 | ||
| 100 | _aCarson D.A. | ||
| 245 |
_aHow Long, O Lord? _bReflections on Suffering and Evil |
||
| 250 | _aSecond Edition | ||
| 260 |
_aNittingham, England _bInter-Varsity Press _c2006 |
||
| 300 |
_a240 pages _cIncludes subject index |
||
| 650 | _2Theology | ||
| 942 |
_2lcc _cBK _n0 |
||
| 999 |
_c1131 _d1131 |
||